MARC

Tag First Indicator Second Indicator Subfields
LEADER 00000cam a2200000 i 4500
001 in00005466607
008 240504t20242024gw ac 000 0 eng d
005 20250318220705.6
020 |a 9783791377193 
020 |a 3791377191  |q hardbound 
035 |a (OCoLC)on1432687942 
035 |a (OCoLC)1432687942 
040 |a OHX  |b eng  |e rda  |c OHX  |d CLE  |d OCLCO  |d NYP  |d MZA  |d OCLCO 
050 4 |a N6797.M67  |b A4 2024 
072 7 |a TR  |2 lcco 
082 0 4 |a 779.092  |2 23 
100 1 |a Moses, Gabriel,  |d 1998-  |e photographer. 
245 1 0 |a Gabriel Moses :  |b Regina /  |c editor and project management: Katja Horvat 
264 1 |a Munich :  |b Prestel,  |c [2024] 
264 4 |c ©2024 
300 |a 188 pages, 52 unnumbered pages of plates :  |b numerous illustrations (chiefly color), portraits ;  |c 31 cm 
336 |a text  |b txt  |2 rdacontent 
336 |a still image  |b sti  |2 rdacontent 
337 |a unmediated  |b n  |2 rdamedia 
338 |a volume  |b nc  |2 rdacarrier 
500 |a Published in conjunction with an exhibition at 180 Studios, London, from April 5 - April 30, 2023 
600 1 0 |a Moses, Gabriel,  |d 1998-  |v Exhibitions. 
650 0 |a Fashion photography  |y 21st century  |v Exhibitions. 
650 0 |a Portrait photography  |y 21st century  |v Exhibitions. 
650 0 |a Black people in art. 
650 0 |a African diaspora in art. 
650 0 |a Black people  |v Portraits. 
650 0 |a Portrait photography. 
650 0 |a Photography of art. 
650 6 |a Personnes noires dans l'art.  |0 (CaQQLa)000291723 
650 6 |a Africains  |z Pays étrangers, dans l'art.  |0 (CaQQLa)000337356 
650 6 |a Personnes noires  |0 (CaQQLa)201-0075953  |v Portraits.  |0 (CaQQLa)201-0378236 
650 6 |a Portraits (Photographie)  |0 (CaQQLa)201-0030608 
650 6 |a Photographie d'œuvres d'art.  |0 (CaQQLa)201-0049030 
650 6 |a Photographie de mode  |0 (CaQQLa)201-0022802  |y 21e siècle  |0 (CaQQLa)201-0373679  |v Expositions.  |0 (CaQQLa)201-0378191 
650 6 |a Portraits (Photographie)  |0 (CaQQLa)201-0030608  |y 21e siècle  |0 (CaQQLa)201-0373679  |v Expositions.  |0 (CaQQLa)201-0378191 
655 7 |a exhibition catalogs.  |2 aat  |0 (CStmoGRI)aatgf300026096 
655 7 |a portraits.  |2 aat  |0 (CStmoGRI)aatgf300015637 
655 7 |a Exhibition catalogs.  |2 lcgft 
655 7 |a Portraits.  |2 lcgft 
655 7 |a Catalogues d'exposition.  |2 rvmgf  |0 (CaQQLa)RVMGF-000001063 
655 7 |a Portraits.  |2 rvmgf  |0 (CaQQLa)RVMGF-000001677 
700 1 |a Horvat, Katja,  |e editor,  |e project manager. 
710 2 |a 180 Studios (London, England),  |e hosting institution. 
852 8 |b pda,print  |z This title is available for the library to purchase for your use. Click the "Purchase It For Me" button to place a request. This item may take 5-10 business days to arrive. 
955 |a Print PDA title 
961 |m 565730 
999 f f |s 11cf5241-7210-4443-8fea-34b2324b93cc  |i a05cdd28-53d9-45b3-ad92-441af1572f6c  |t 0 
952 f f |a Texas A&M University  |b College Station  |c Sterling C. Evans Library  |d Purchase on Demand  |t 0  |e N6797.M67 A4 2024  |h Library of Congress classification 
998 f f |a N6797.M67 A4 2024  |t 0  |l Purchase on Demand